000
00326 a2200109 4500
001
ART_12237
005
20260410161904.0
008
260409a
245
1
0
_a
On restricted estimation in linear models
100
1
_a
Dent, Warren
773
0
_t
Journal of econometrics
_g
- Vol. 12, NÂș 1 (ene. 1980)
_w
REV11720
999
_c
26200
_d
26200